An introduction to management science : quantitative approaches to decision making /

Guardado en:
Autor Principal: Anderson, David R. 1941-
Otros Autores: Sweeney, Dennis J., Williams, Thomas Arthur, 1944-
Formato: Libro
Idioma:English
Publicado: Mason, Ohio : Thomson/South-Western, c2005.
Edición:11th ed.
Materias:
Etiquetas: Agregar Etiqueta
Sin Etiquetas, Sea el primero en etiquetar este registro!
LEADER 01407cam a22003255a 4500
001 EAD.ead000721
008 031217s2005####ohua#####b####001#0#eng##
005 20241205154020.0
245 1 3 |a An introduction to management science :  |b quantitative approaches to decision making /  |c David R. Anderson, Dennis J. Sweeney, Thomas A. Williams. 
250 |a 11th ed. 
260 |a Mason, Ohio :  |b Thomson/South-Western,  |c c2005. 
300 |a xxiii, 907 p. :  |b il. +  |e 1 CD-ROM (4 3/4 plg.) ;  |c 27 cm. 
538 |a Requisitos del sistema para el CD-ROM complementario: Microsoft Windows. 
500 |a Incluye código de acceso a InfoTrac College Edition, the Online Library (www.infotrac-college.com). 
504 |a Incluye referencias bibliográficas (p. [862]-863) e índice. 
020 |a 0324202318 (package) 
020 |a 0324202334 (book) 
020 |a 0324202342 (CD) 
100 1 |a Anderson, David R.  |q (David Ray),  |d 1941- 
700 1 |a Sweeney, Dennis J. 
700 1 |a Williams, Thomas Arthur,  |d 1944- 
082 0 4 |a 658.4034  |2 21 
650 7 |a Toma de decisiones.  |2 unbist 
650 7 |a Programación lineal.  |2 unbist 
653 |a Métodos cuantitativos 
010 |a  2003116700 
040 |a DLC  |c DLC 
050 0 0 |a HD30.25  |b .A53 2005 
859 |a AR-BaBDC  |b BIB. ADMINISTRACION - Libros  |h 658.4034  |i An23-3a11  |p b05511 
859 |a AR-BaBDC  |b BIB. ADMINISTRACION - Libros  |h 658.4034  |i An23-3a11  |p b05512  |v CD  |3 CD-ROM